000 00829nam a22001817a 4500
005 20251108165443.0
008 250721s1993 xx 000 0 ara d
082 1 4 _aم/371.201209565/عبد
100 1 _aطرخان، عبد المنعم أحمد
_eمعد
245 1 0 _aأثر برنامج تدريب المديرين أثناء الخدمة في مدارس وكالة الغوث في الأردن على تطوير البنى المفاهمية الإدارية و الإشرافية لديهم /
264 1 _aعمان :
_bالجامعة الأردنية - كلية الدراسات العليا،
_c1993.
300 _a91ص
500 _aرسالة ماجستير / الجامعة الأردنية ، 1993
650 1 7 _aالإدارة التعليمية
650 1 7 _aالأردن
942 _2ddc
_cREF
999 _c28310
_d28310